Southville International School and Colleges
Your cart is empty.
  • Cart
  • Lists
    Public lists Eva Luna New books Lux_list list_1
    Your lists Log in to create your own lists
  • Log in to your account
  • Your cookies
  • Search history
Southville International School and Colleges
  • Advanced search
  • Recent comments
  • Most popular
  • Libraries

Log in to your account

Log in with GOOGLE


If you do not have an external account, but do have a local account, you can still log in:

  1. Home
  2. MARC view: Introduction to management /
Normal view MARC view ISBD view

Introduction to management / (Record no. 25181)

[ view plain ]
MARC details
000 -LEADER
fixed length control field 00621nam a2200217 a 4500
005 - DATE AND TIME OF LATEST TRANSACTION
control field 20140310183607.0
008 - FIXED-LENGTH DATA ELEMENTS--GENERAL INFORMATION
fixed length control field 120623s19uu xx 00 eng d
020 ## - INTERNATIONAL STANDARD BOOK NUMBER
International Standard Book Number 9789810698423
050 ## - LIBRARY OF CONGRESS CALL NUMBER
Classification number HD 31
Item number .R632 2008
100 ## - MAIN ENTRY--PERSONAL NAME
Personal name Robbins, Stephen P.
245 ## - TITLE STATEMENT
Title Introduction to management /
Statement of responsibility, etc Stephen P. Robbins, Mary Coulter.
250 ## - EDITION STATEMENT
Edition statement 9th ed.
260 ## - PUBLICATION, DISTRIBUTION, ETC. (IMPRINT)
Place of publication, distribution, etc Singapore :
Name of publisher, distributor, etc Pearson Education South Asia Pte Ltd,
Date of publication, distribution, etc 2008.
300 ## - PHYSICAL DESCRIPTION
Extent 768 p. :
Other physical details col. ill. ;
Dimensions 26 cm.
500 ## - GENERAL NOTE
General note Include index
521 ## - TARGET AUDIENCE NOTE
Target audience note
650 ## - SUBJECT ADDED ENTRY--TOPICAL TERM
Topical term or geographic name as entry element Management
700 ## - ADDED ENTRY--PERSONAL NAME
Personal name Coulter, Mary
942 ## - ADDED ENTRY ELEMENTS (KOHA)
Koha item type Books
Source of classification or shelving scheme Library of Congress Classification
Call number prefix Foreign
Holdings
Withdrawn status Lost status Source of classification or shelving scheme Damaged status Home library Current library Shelving location Date acquired Source of acquisition Total Checkouts Total Renewals Full call number Barcode Date last seen Date checked out Copy number Price effective from Koha item type
    Library of Congress Classification   College Library College Library General Circulation Section 06/23/2012   2 6 HD 31 .R632 2008 C15002 05/15/2018 01/06/2016 1 10/18/2013 Books

Introduction to management /

APA

Robbins S. P., Coulter M., . (2008). Introduction to management. Singapore: Pearson Education South Asia Pte Ltd.

Chicago

Robbins Stephen P, Coulter Mary, . 2008. Introduction to management. Singapore: Pearson Education South Asia Pte Ltd.

Harvard

Robbins S. P., Coulter M., . (2008). Introduction to management. Singapore: Pearson Education South Asia Pte Ltd.

MLA

Robbins Stephen P, Coulter Mary, . Introduction to management. Singapore: Pearson Education South Asia Pte Ltd. 2008.

  • Place hold
  • Print
  • Cite
  • Add to your cart (remove)
  • Save record
    BIBTEX Dublin Core MARCXML MARC (non-Unicode/MARC-8) MARC (Unicode/UTF-8) MARC (Unicode/UTF-8, Standard) MODS (XML) RIS
  • More searches
    Search for this title in:
    Other Libraries (WorldCat) Other Databases (Google Scholar) Online Stores (Bookfinder.com) Open Library (openlibrary.org)

Exporting to Dublin Core...

SOUTHVILLE LIBRARY

Southville International School and Colleges Library

1281 Tropical Ave. Cor. Luxembourg St., BF Homes International, Las Pinas City

Tel. No. 8256374 / 252358 Loc. 117/146

Powered by Koha